Bekar - Paroles Entre 4 murs - Statistiques

Statistiques générales
  • Ce quiz a été pris 136 fois
  • Le résultat moyen est 246 sur 499
Statistiques - réponses
Réponse % Correct
a
96%
à
96%
A
96%
la
96%
La
96%
le
94%
on
94%
On
94%
J'ai
92%
j'ai
92%
ma
92%
m'a
92%
par
92%
Avec
91%
avec
91%
je
91%
Je
91%
un
91%
dans
89%
les
89%
Les
89%
mon
89%
pas
89%
su (x2)
89%
tout
89%
frère
87%
su
87%
chambre
85%
mais
85%
Mais
85%
part
85%
partage
85%
Si (x2)
85%
famille
83%
grandi
83%
même
83%
mentalité
83%
Roubaix
83%
de
81%
jamais
81%
jamais (x2)
81%
qui
81%
une
81%
Une
81%
c'était
79%
dormait
79%
portable
79%
si
79%
Champs
77%
que
77%
y
77%
ans
75%
premier
75%
rue
75%
SMS
75%
sur
75%
ue-r
75%
ci
74%
d'argent
74%
J'suis
74%
j'suis
74%
manqué
74%
mur
74%
ni
74%
simple
74%
confortable
72%
des
72%
Des
72%
marchand
72%
Quinze
72%
toi (x2)
72%
Civilisé
70%
Seize
70%
vu
70%
bicraveur
68%
entre
68%
J'connais
68%
comme
64%
Comme
64%
marchant
64%
moi
64%
pour
64%
quatre
64%
j'écoute
62%
qu'en
62%
sa
62%
banc
60%
60%
ou
60%
pactise
60%
diable
58%
illimités
58%
personne
58%
au
57%
quand
57%
Quand
57%
murs
55%
53%
Jefferson
53%
Pourquoi
53%
p'tit
53%
gronde
49%
Indépendant
49%
rembourré
49%
faire
47%
grands
47%
vestes
47%
ça (x2)
45%
d'être
45%
jours
45%
l'orage
45%
tu (x2)
45%
l'vent
43%
y'a
43%
Y'a
43%
deux
42%
gens
42%
histoire
42%
l'seum
42%
tourner
42%
tu
42%
ça
40%
courraient
40%
p'tits
40%
rien
40%
sais (x2)
40%
ai
38%
meuf
38%
Petit
38%
survêts'
38%
vie
38%
d'un
36%
maison
36%
peur
36%
potes
36%
Thomas
36%
dehors
34%
fait (x2)
34%
frappe
34%
rap
34%
aussi
32%
aussi (x2)
32%
c'que (x2)
32%
perquise
32%
sans
32%
s'passe
32%
suivent
32%
veille
32%
c'que
30%
d'une
30%
fait
30%
j'mets
30%
J'sors
30%
sais
30%
Toute
30%
chez
28%
c'qui
28%
d'expertise
28%
dure
28%
lieu
28%
ces
26%
chien
26%
choses
26%
J'en
26%
j'en
26%
j'm'attends
26%
taper
26%
comment
25%
est
25%
j'crois
25%
j'fonce
25%
pute
25%
Savent
25%
c'fils
23%
effraction
23%
genre
23%
mal
23%
méchant
23%
rapper
23%
bien
21%
d'autres
21%
j'fréquente
21%
n'est
21%
venir
21%
autres
19%
m'dit
19%
mes
19%
qu'son
19%
veux
19%
j'flippais
17%
larmes
17%
mère
17%
per-ra
17%
plus
17%
Qu'est-ce
17%
Quest-ce
17%
Roissy
17%
YSL
17%
bagarres
15%
décède
15%
encore
15%
ils
15%
mieux
15%
qu'on
15%
relire
15%
B.E
13%
contre
13%
d'tout
13%
eu
13%
l'exclure
13%
pages
13%
pull
13%
qu'un
13%
ret'nir
13%
s'arrête
13%
surligner
13%
trois
13%
voir
13%
bac
11%
c'est
11%
daron
11%
j'aurais
11%
Jeune
11%
ken
11%
Ouais
11%
ouais
11%
parle
11%
passé
11%
raconte
11%
sait
11%
alors
9%
Alors
9%
dire
9%
fuck
9%
j'déteste
9%
juge
9%
j'veux
9%
mots
9%
NYC
9%
pleure
9%
potos
9%
qu'eux
9%
qu'j'aurais
9%
vaut
9%
caisse
8%
écrit
8%
Fin
8%
ici
8%
l'été
8%
Malheureux
8%
ont
8%
plutôt
8%
rentrent
8%
Alice
6%
certaine
6%
ceux
6%
d'aide
6%
filles
6%
gros
6%
j'étais
6%
laisse
6%
leu-geu
6%
main
6%
r'fusé
6%
s'faire
6%
sommes
6%
Toujours
6%
amuser
4%
années
4%
belles
4%
captures
4%
changent
4%
chiens
4%
d'faire
4%
dort
4%
erreurs
4%
feats
4%
forcément
4%
j'drague
4%
labels
4%
merci
4%
moisies
4%
propre
4%
sonnent
4%
tragique
4%
voisine
4%
bouffons
2%
j'voulais
2%
l'monde
2%
l'ombre
2%
m'diras
2%
monuments
2%
principes
2%
rappent
2%
réveillent
2%
Saint-Trop'
2%
bosse
0%
clés
0%
équipe
0%
J'prends
0%
Jusqu'à
0%
l'paillaison
0%
m'tendent
0%
Sauf
0%
Sous
0%
vendre
0%
Aucun quiz correspondant
Distribution des résultats
% des personnes avec chaque résultat
Percentile par nombre de réponses
Votre historique - résultats
Vous n’avez pas pris ce quiz